000
00253nam a2200109Ia 4500
008
240625s9999 xx 000 0 und d
041
_a
eng
082
_a
657 SHA
100
_a
SHAH PARESH
245
_a
FINANCIAL ACCOUNTING FOR MANAGEMENT
260
_c
2013
999
_c
38155
_d
38155